تنقيد ی مطا لعے (Record no. 172294)

MARC details
000 -LEADER
fixed length control field 00646nam a22001937a 4500
005 - DATE AND TIME OF LATEST TRANSACTION
control field 20200131114049.0
010 ## - LCCN (DPL NO)
LC control number B-284053
020 ## - INTERNATIONAL STANDARD BOOK NUMBER
Terms of availability 120.00
International Standard Book Number -
035 ## - SYSTEM CONTROL NUMBER
System control number B-284053
037 ## - SOURCE OF ACQUISITION
Source of stock number/acquisition DBAD/PUB
Stock number -
082 ## - DEWEY DECIMAL CLASSIFICATION NUMBER
Classification number 840.8
100 ## - MAIN ENTRY--PERSONAL NAME
Personal name ر و بينہ شبنم
245 ## - TITLE STATEMENT
Title تنقيد ی مطا لعے
Statement of responsibility, etc ر و بينہ شبنم
246 ## - VARYING FORM OF TITLE
Remainder of title Tanqeeedi Mutalley (Urdu)
Title proper/short title by Rubina Shabnam
260 ## - PUBLICATION, DISTRIBUTION, ETC. (IMPRINT)
Place of publication, distribution, etc Delhi
Name of publisher, distributor, etc Educational publishing House
Date of publication, distribution, etc 2006 ء
270 ## - ADDRESS
Address 3108,Gali Azizuddin Vakil,Kucha Pandit,Lal kuan,
City Delhi
Postal code 110006
Telephone number 09317748056
Fax number -
300 ## - PHYSICAL DESCRIPTION
Extent 117 ص
Dimensions 22 Cm(Hb)
942 ## - ADDED ENTRY ELEMENTS (KOHA)
Source of classification or shelving scheme Dewey Decimal Classification
Item type Urdu Bks
Classification part 840.8
Call number suffix ر و ب
Holdings
Withdrawn status Lost status Not for loan Collection code Home library Current library Date acquired Source of acquisition Cost, normal purchase price Full call number Barcode Copy number Cost, replacement price Koha item type
      Non-fiction Central Library Central Library 31/01/2020 BPPD/Ven. 120.00 840.8 ر و ب B-284053 1 120.00 Urdu Bks

© Delhi Public Library
Hit Counter
free hit counter